Finissez la phrase (click quiz) - Statistiques

Statistiques générales
  • Ce quiz a été pris 130 fois
  • Le résultat moyen est 4 sur 8
Statistiques - réponses
Hint Réponse % Correct
Les gants, c'est... élégant
81%
Le vent, c'est... énervant
57%
Les calmants, c'est... occasionnellement
56%
Les féculents, c'est... flatulent
55%
Les feignants, c'est... répugnant
35%
Le pélican, c'est... craquant
30%
Le flétan, c'est... épatant
27%
Le serpent, c'est... constipant
22%
Aucun quiz correspondant
Distribution des résultats
% des personnes avec chaque résultat
Percentile par nombre de réponses
Votre historique - résultats
Vous n’avez pas pris ce quiz